| Поле | Название | Значение |
| |
Тип записи |
a |
| |
Библиографический уровень |
m |
| 001 |
Контрольный номер |
RU\infra-m\znanium\bibl\2236240 |
| 005 |
Дата корректировки |
20260429142132.2 |
| 008 |
Кодируемые данные |
260120s2025 RU g rus u |
| 020 |
Индекс ISBN |
__ |
| a |
ISBN |
978-5-9614-8036-8 |
| 040 |
Источник каталогиз. |
__ |
| a |
Служба первич. каталог. |
Общество с ограниченной ответственностью «ЗНАНИУМ» |
| 041 |
Код языка издания |
__ |
| a |
Код языка текста |
rus |
| 044 |
Код страны публикации |
__ |
| a |
Код страны публикации |
RU |
| 080 |
Индекс УДК |
__ |
| a |
Индекс УДК |
004 |
| 080 |
Индекс УДК |
__ |
| a |
Индекс УДК |
008 |
| 084 |
Индекс другой классификации/Индекс ББК |
__ |
| 2 |
Источник индекса |
rubbk |
| a |
Индекс другой классификации/Индекс ББК |
3281 |
| 100 |
Автор |
__ |
| a |
Автор |
Болл М. |
| q |
Полное имя |
Болл Мэтью |
| 245 |
Заглавие |
__ |
| a |
Заглавие |
Метавселенная: Как она меняет наш мир |
| b |
Продолж. заглавия |
Научно-популярная литература |
| 250 |
Сведения об издании |
__ |
| a |
Основные сведения об издании |
1 |
| 260 |
Выходные данные |
__ |
| a |
Место издания |
Москва |
| b |
Издательство |
Альпина ПРО |
| c |
Дата издания |
2026 |
| 300 |
Физическое описание |
__ |
| a |
Объем |
368 с. |
| 520 |
Аннотация |
__ |
| a |
Аннотация |
Чтобы заглянуть в ближайшее будущее представьте себе глобальную сеть виртуальных миров обитатели которых могут приобретать и продавать товары и услуги заниматься наукой и творчеством знакомиться общаться играть заводить семью. Речь не о научной фантастике: метавселенная — это «следующий интернет» технологическая и социальная концепция которая скоро радикально поменяет нашу жизнь онлайн и даже офлайн. Бывший топ-менеджер Amazon Studios венчурный капиталист и евангелист метавселенной Мэтью Болл уверен в том что скоро она произведет революцию во всех отраслях и профессиях: от видеоигр и социальных сетей до финансов и городского планирования. В своей книге он исследует роль Web 3.0 блокчейна криптовалют и рынка NFT в развитии метавселенной описывает грядущие трансформации общественного и экономического устройства человеческой цивилизации и предсказывает кому суждено заработать триллионы в новом удивительном мире. |
| 521 |
Примеч. о цел. назн. |
__ |
| a |
Примеч. о целев. назн. |
Дополнительное образование |
| 650 |
Тематические рубрики |
__ |
| a |
Основная рубрика |
Физико-математические науки |
| x |
Основная подрубрика |
Кибернетика |
| 655 |
Указ. предметных рубрик (устаревшее) |
__ |
| a |
Жанр/ форма (устаревшее) |
Научно-популярная литература |
| 856 |
Электронный адрес документа |
4_ |
| a |
Имя сервера/домена |
znanium.ru |
| m |
Помощь |
ebs_support@infra-m.ru |
| n |
Местонахождение сервера |
НИЦ ИНФРА-М |
| u |
URL |
https://znanium.ru/catalog/document?id=474196 |
| 856 |
Электронный адрес документа |
48 |
| a |
Имя сервера/домена |
znanium.ru |
| d |
Путь |
/cover/2236 |
| f |
Электронное имя |
2236240.jpg |
| q |
Тип электронного формата |
image/jpeg |
| u |
URL |
https://znanium.ru/cover/2236/2236240.jpg |
| 911 |
|
__ |
| u |
|
0030=https://znanium.ru/catalog/document?id=474196 |